Statistics for Robin Williams Filmography

Click here to take the quiz!

General Stats

  • This quiz has been taken 721 times
    (217 since last reset)
  • The average score is 26 of 165

Answer Stats

TypeYearName% Correct
Film1993Mrs. Doubtfire
87%
Film1997Good Will Hunting
79%
Film1992Aladdin
77%
Film1987Good Morning, Vietnam
76%
Film1989Dead Poets Society
70%
TV Show1978-1982Mork & Mindy
66%
TV Show1982Mork & Mindy / Laverne & Shirley / Fonz Hour
66%
Film1991Hook
65%
Film1998Patch Adams
65%
TV Show1981, 1984, 1986, 1988, 2010Saturday Night Live
57%
Film1997Flubber
56%
Film1995Jumanji
55%
Film2002One Hour Photo
54%
Film2006Night at the Museum
51%
Film1996The Birdcage
50%
Film2002Insomnia
47%
Film2006RV
46%
Film1990Awakenings
45%
Film1991The Fisher King
45%
Film1996Jack
43%
Film1980Popeye
42%
Film1999Bicentennial Man
39%
TV Show1997F•R•I•E•N•D•S
39%
TV Show1978, 1979Happy Days
38%
Film1996Aladdin and the King of Thieves
35%
Film2006Happy Feet
31%
Film1992Toys
31%
Film2009Night at the Museum: Battle of the Smithsonian
30%
Film2011Happy Feet Two
29%
Award Show1986The 58th Annual Academy Awards
27%
Film2005Robots
25%
Film1982The World According to Garp
25%
Film2009World's Greatest Dad
25%
Film1992FernGully: The Last Rainforest
24%
Film2006Man of the Year
24%
Film1997Fathers' Day
23%
Film2007License to Wed
23%
Film1984Moscow on the Hudson
23%
Film1998What Dreams May Come
23%
Film2014Night at the Museum: Secret of the Tomb
22%
Film2009Old Dogs
22%
Film2002Death to Smoochy
21%
Film1990Cadillac Man
19%
Film2001A.I. Artificial Intelligence
18%
Film1996Hamlet
18%
Film2013The Butler
18%
Film1995Nine Months
17%
Film2014The Angriest Man in Brooklyn
17%
Film1999Jakob the Liar
16%
Film2013The Big Wedding
16%
Film1986The Best of Times
15%
TV Show2013-2014The Crazy Ones
14%
Film2007August Rush
13%
Film1986Club Paradise
13%
Film2006The Night Listener
12%
Film1983The Survivors
12%
TV Show1991-2012Sesame Street
11%
Film2014A Merry Friggin' Christmas
10%
Film2014Boulevard
10%
TV Show2008Law & Order: Special Victims Unit
10%
TV Film1986Seize the Day
10%
Film1988The Adventures of Baron Munchausen
10%
Film2004The Final Cut
10%
Film2015Absolutely Anything
9%
Film1977Can I Do It... 'Til I Need Glasses?
9%
TV Special1986Comic Relief
9%
TV Special2006Comic Relief 2006
9%
TV Special1987Comic Relief '87
9%
TV Special1989Comic Relief III
9%
TV Special1994Comic Relief VI
9%
TV Special1995Comic Relief VII
9%
TV Special1998Comic Relief VIII
9%
Film1991Dead Again
9%
Film1997Deconstructing Harry
9%
Music Video1988Don't Worry, Be Happy
9%
Film1991Shakes the Clown
9%
Theater1988Waiting for Godot
9%
TV Show2000Whose Line Is It Anyway?
9%
TV Show1994Homicide: Life on the Street
8%
Stand-Up Special2002Robin Williams: Live on Broadway
8%
Film1995To Wong Foo, Thanks for Everything! Julie Newmar
8%
Commercial2011Zelda
8%
Film2006Everyone's Hero
7%
TV Show2012Louie
7%
Film2005The Big White
7%
Film1994Being Human
6%
TV Special1987Carol, Carl, Whoopi and Robin
6%
TV Documentary1987Dear America: Letters Home from Vietnam
6%
Documentary Series2003Freedom: A History of US
6%
Film2004House of D
6%
TV Film1994In Search of Dr. Seuss
6%
Film2004Noel
6%
Documentary2018Robin Williams: Come Inside My Mind
6%
Stand-Up Special2009Robin Williams: Weapons of Self-Destruction
6%
TV Show1977-1978Rowan & Martin's Laugh-In
6%
Film2009Shrink
6%
TV Show2009SpongeBob SquarePants
6%
TV Special1990The Earth Day Special
6%
Film2013The Face of Love
6%
TV Show1977The Richard Pryor Show
6%
Film1996The Secret Agent
6%
TV Show2012Wilfred
6%
Theater2011Bengal Tiger at the Baghdad Zoo
5%
TV Show1982Faerie Tale Theatre
5%
TV Show1999L.A. Doctors
5%
TV Show2003Life with Bonnie
5%
Film1988Portrait of a White Marriage
5%
TV Show1984Pryor's Place
5%
Stand-Up Special1986Robin Williams: An Evening at the Met
5%
TV Show1982Second City Television
5%
Documentary2005The Aristocrats
5%
TV Show1978America 2-Night
4%
TV Show1981An Evening at the Improv
4%
Stand-Up Special1983An Evening with Robin Williams
4%
Video Game1997Disney's Math Quest: Aladdin
4%
TV Show1977Eight is Enough
4%
TV Documentary1982E.T. and Friends: Magical Movie Visitors
4%
Documentary1999Get Bruce
4%
TV Short1991Opus 'n' Bill: A Wish for Wings That Work
4%
TV Show1979Out of the Blue
4%
Stand-Up Special1978Robin Williams: Off the Wall
4%
TV Film1977Sorority '62
4%
TV Show1992, 1994The Larry Sanders Show
4%
TV Film2004The Rutles 2: Can't Buy Me Lunch
4%
TV Special1988ABC Presents: A Royal Gala
3%
Documentary Series1997Great Minds Think 4 Themselves
3%
TV Show1998Hollywood Squares
3%
Documentary Series2014Pioneers of Television
3%
TV Show2003Player$
3%
Documentary2020Robin's Wish
3%
TV Show1998ABC Kids
2%
TV Film1995Aladdin on Ice
2%
TV Show2008American Idol
2%
Documentary2006An Uncommon Kindness: The Father Damien Story
2%
Commercial2014Apple iPad Air
2%
TV Film1992A Spinal Tap Reunion: The 25th Anniversary London Sell-Out
2%
Short Film1989Back to Neverland
2%
Music Video1986Beverly Hills Blues
2%
TV Special1991Big Bird's Birthday Celebration
2%
TV Show2006Extreme Makeover: Home Edition
2%
Documentary Series2015Great Hearts of Courage
2%
TV Show2000, 2004Great Performances
2%
TV Special1987Jonathan Winters: On the Ledge
2%
TV Show2005Just for Laughs
2%
TV Show2005Live from Lincoln Center
2%
Music Video1991Monster in the Mirror
2%
TV Show1998One Saturday Morning
2%
Short Film1988Rabbit Ears: Pecos Bill
2%
Short Film1991Rabbit Ears: The Fool and the Flying Ship
2%
Commercial2013Snickers
2%
Commercial2006St. Jude's Children's Hospital
2%
TV Show1978The Big Laff Off
2%
TV Show1982The Billy Crystal Comedy Hour
2%
Theme Park Attraction1994The Magic of Disney Animation
2%
TV Show1986The Max Headroom Show
2%
Music Video1999Then You Look at Me
2%
Short Film1992The Timekeeper
2%
Theme Park Attraction1998Timekeeper
2%
TV Show1994What's Up Doc?
2%
Music Video2011You Make Me Feel...
2%
TV Show2006Blue's Clues
1%
TV Show2006Mind of Menica
1%
Theme Park Attraction1989Peter Pan's Lost Boys
1%
TV Documentary2015Robin Williams - Seine Letzten 24 Stunden
1%
Theater2003-2004The Exonerated
1%

Score Distribution

Percentile by Number Answered

Percent of People with Each Score

Your Score History

You have not taken this quiz since the last reset